[Event "3rd Memorial Warakomska 2019"]
[Site "Suwalki"]
[Date "2019.08.08"]
[Round "5.43"]
[White "Wolanski, Michal"]
[Black "Praczukowski, Stanislaw"]
[Result "1/2-1/2"]
[WhiteElo "2007"]
[BlackElo "2166"]
[Annotator "NA"]
[PlyCount "135"]
[EventDate "2019.08.05"]
[EventType "swiss"]
[EventCountry "POL"]
[SourceTitle "playchess.com"]
[Source "ChessBase"]
[SourceQuality "1"]
[TimeControl "40/5400+30:1800+30"]

1. c4 {[%emt 0:00:00]} g6 {[%emt 0:00:00]} 2. g3 {[%emt 0:00:00]} Bg7 {[%emt 0:00:00]} 3. Bg2 {[%emt 0:00:00]} c5 {[%emt 0:00:07]} 4. Nc3 {[%emt 0:00:00]} Nc6 {[%emt 0:00:15]} 5. a3 {[%emt 0:00:01]} e6 {[%emt 0:03:01]} 6. b4 {[%emt 0:00:16]} d6 {[%emt 0:02:46]} 7. Rb1 {[%emt 0:00:47]} Nge7 {[%emt 0:00:33]} 8. e3 {[%emt 0:00:41]} O-O {[%emt 0:02:50]} 9. Nge2 {[%emt 0:00:19]} e5 {[%emt 0:10:56]} 10. O-O {[%emt 0:02:16]} Rb8 {[%emt 0:04:52]} 11. Qc2 {[%emt 0:32:23]} Be6 {[%emt 0:06:21]} 12. Nd5 {[%emt 0:01:08]} Qd7 {[%emt 0:01:05]} 13. Nec3 {[%emt 0:13:40]} b6 {[%emt 0:22:44]} 14. b5 {[%emt 0:05:45]} Nd8 {[%emt 0:02:02]} 15. Nxe7+ {[%emt 0:04:38]} Qxe7 {[%emt 0:00:07]} 16. d3 {[%emt 0:00:26]} Qd7 {[%emt 0:01:48]} 17. Nd5 {[%emt 0:04:14]} Bh3 {[%emt 0:02:19]} 18. Bd2 {[%emt 0:02:08]} Bxg2 {[%emt 0:01:49]} 19. Kxg2 {[%emt 0:00:07]} Ne6 {[%emt 0:00:28]} 20. a4 {[%emt 0:01:05]} Nc7 {[%emt 0:03:40]} 21. Nxc7 {[%emt 0:00:21]} Qxc7 {[%emt 0:00:06]} 22. e4 {[%emt 0:00:10]} f5 {[%emt 0:01:13]} 23. f3 {[%emt 0:01:25]} Qe7 {[%emt 0:09:18]} 24. a5 {[%emt 0:01:30]} g5 {[%emt 0:01:50]} 25. axb6 {[%emt 0:02:55]} axb6 {[%emt 0:00:15]} 26. g4 {[%emt 0:04:20]} fxg4 {[%emt 0:00:54]} 27. fxg4 {[%emt 0:01:11]} Rxf1 {[%emt 0:05:05]} 28. Rxf1 {[%emt 0:00:36]} Rf8 {[%emt 0:00:25]} 29. Rxf8+ {[%emt 0:00:40]} Kxf8 {[%emt 0:00:17]} 30. Qa4 {[%emt 0:01:40]} Bf6 {[%emt 0:01:21]} 31. Qa8+ {[%emt 0:04:56]} Kg7 {[%emt 0:02:04]} 32. Qc6 {[%emt 0:07:07]} Qa7 {[%emt 0:03:11]} 33. Kf2 {[%emt 0:01:09]} Be7 {[%emt 0:02:45]} 34. Qe8 {[%emt 0:01:25]} h6 {[%emt 0:01:18]} 35. Qc8 {[%emt 0:01:31]} Qa1 {[%emt 0:01:48]} 36. Qb7 {[%emt 0:00:44]} Kf7 {[%emt 0:01:01]} 37. Qxb6 {[%emt 0:00:48]} Qh1 {[%emt 0:00:34]} 38. Ke2 {[%emt 0:02:16]} Qxh2+ {[%emt 0:00:12]} 39. Kd1 {[%emt 0:00:08]} h5 {[%emt 0:00:40]} 40. Qc7 {[%emt 0:00:00]} Qh4 {[%emt 0:00:00]} 41. b6 {[%emt 0:05:14]} hxg4 {[%emt 0:07:35]} 42. b7 {[%emt 0:03:42]} g3 {[%emt 0:00:05]} 43. b8=Q {[%emt 0:01:58]} g2 {[%emt 0:00:06]} 44. Be3 {[%emt 0:05:39]} Qh5+ {[%emt 0:02:47]} 45. Kd2 {[%emt 0:01:30]} Qh2 {[%emt 0:00:25]} 46. Kc3 {[%emt 0:05:55]} Qh1 {[%emt 0:00:19]} 47. Qb2 {[%emt 0:07:14]} Qe1+ {[%emt 0:00:37]} 48. Qd2 {[%emt 0:00:29]} Qa1+ {[%emt 0:00:13]} 49. Kb3 {[%emt 0:00:22]} Qb1+ {[%emt 0:00:39]} 50. Ka4 {[%emt 0:00:55]} Ke8 {[%emt 0:00:40]} 51. Qc8+ {[%emt 0:01:03]} Kf7 {[%emt 0:00:40]} 52. Qf5+ {[%emt 0:01:35]} Kg7 {[%emt 0:00:22]} 53. Qff2 {[%emt 0:00:43]} Qa1+ {[%emt 0:01:13]} 54. Kb5 {[%emt 0:01:02]} Qb1+ {[%emt 0:00:28]} 55. Qb2 {[%emt 0:00:22]} g1=Q {[%emt 0:00:18]} 56. Qxg1 {[%emt 0:01:43]} Qxb2+ {[%emt 0:00:19]} 57. Kc6 {[%emt 0:00:22]} Qa3 {[%emt 0:09:02]} 58. Kd7 Kf7 59. Qf1+ {[%emt 0:02:11]} Bf6 {[%emt 0:03:32]} 60. Bxg5 {[%emt 0:00:43]} Qa7+ {[%emt 0:02:06]} 61. Kxd6 {[%emt 0:00:03]} Qa6+ {[%emt 0:01:28]} 62. Kxc5 {[%emt 0:00:25]} Qa5+ {[%emt 0:00:05]} 63. Kd6 {[%emt 0:00:51]} Qa6+ {[%emt 0:00:15]} 64. Kd5 {[%emt 0:00:33]} Qa8+ {[%emt 0:00:10]} 65. Kc5 {[%emt 0:00:27]} Qa5+ {[%emt 0:00:06]} 66. Kd6 {[%emt 0:00:21]} Qa6+ {[%emt 0:00:05]} 67. Kd5 {[%emt 0:00:09]} Qa8+ {[%emt 0:00:05]} 68. Kc5 {[%emt 0:00:11]} 1/2-1/2

[Event "3rd Memorial Warakomska 2019"]
[Site "Suwalki"]
[Date "2019.08.08"]
[Round "5.44"]
[White "Chan, Kim Yew"]
[Black "Leskiewicz, Ignacy"]
[Result "1-0"]
[WhiteElo "2276"]
[BlackElo "2120"]
[Annotator "ChessBase"]
[PlyCount "143"]
[EventDate "2019.08.05"]
[EventType "swiss"]
[EventCountry "POL"]
[SourceTitle "playchess.com"]
[Source "ChessBase"]
[SourceQuality "1"]
[TimeControl "40/5400+30:1800+30"]

1. b3 {[%emt 0:00:00]} e5 {[%emt 0:00:00]} 2. Bb2 {[%emt 0:00:00]} Nc6 {[%emt 0:00:00]} 3. e3 {[%emt 0:00:00]} g6 {[%emt 0:01:46]} 4. Nf3 {[%emt 0:01:01]} Bg7 {[%emt 0:00:08]} 5. c4 {[%emt 0:01:20]} Nge7 {[%emt 0:00:45]} 6. Be2 {[%emt 0:02:20]} O-O {[%emt 0:03:57]} 7. d4 {[%emt 0:02:45]} d6 {[%emt 0:12:14]} 8. dxe5 {[%emt 0:09:20]} Nxe5 {[%emt 0:04:51]} 9. Nc3 {[%emt 0:00:20]} Bd7 {[%emt 0:20:30]} 10. O-O {[%emt 0:01:43]} Nf5 {[%emt 0:08:28]} 11. Qc2 {[%emt 0:11:13]} Re8 {[%emt 0:01:55]} 12. Rfd1 {[%emt 0:01:50]} Bc6 {[%emt 0:12:21]} 13. Nd5 {[%emt 0:01:26]} Bxd5 {[%emt 0:05:51]} 14. Rxd5 {[%emt 0:03:33]} Nxf3+ {[%emt 0:05:51]} 15. Bxf3 {[%emt 0:00:06]} c6 {[%emt 0:01:14]} 16. Rd2 {[%emt 0:01:53]} Bxb2 {[%emt 0:02:41]} 17. Qxb2 {[%emt 0:00:05]} Qe7 {[%emt 0:02:04]} 18. Rad1 {[%emt 0:06:05]} Rad8 {[%emt 0:01:26]} 19. g3 {[%emt 0:01:16]} c5 {[%emt 0:01:22]} 20. Rd5 {[%emt 0:01:33]} h5 {[%emt 0:03:22]} 21. R1d3 {[%emt 0:03:54]} Qe6 {[%emt 0:02:11]} 22. Qd2 {[%emt 0:03:36]} Qf6 {[%emt 0:00:31]} 23. Qd1 {[%emt 0:01:53]} b6 {[%emt 0:00:59]} 24. Rd2 {[%emt 0:06:22]} Re6 {[%emt 0:02:05]} 25. Bg2 {[%emt 0:03:46]} Re5 {[%emt 0:03:39]} 26. R5d3 {[%emt 0:02:13]} Rde8 {[%emt 0:00:00]} 27. Bh3 {[%emt 0:01:47]} h4 {[%emt 0:02:10]} 28. Qf3 {[%emt 0:06:56]} hxg3 {[%emt 0:00:21]} 29. hxg3 {[%emt 0:00:12]} Kg7 {[%emt 0:00:26]} 30. Rd5 {[%emt 0:09:14]} Rxd5 {[%emt 0:01:08]} 31. Rxd5 {[%emt 0:00:55]} Re5 {[%emt 0:00:00]} 32. Rd1 {[%emt 0:03:13]} Qe6 {[%emt 0:00:57]} 33. Kg2 {[%emt 0:07:02]} a6 {[%emt 0:00:30]} 34. Qc6 {[%emt 0:01:17]} b5 {[%emt 0:00:32]} 35. cxb5 {[%emt 0:00:57]} axb5 {[%emt 0:00:01]} 36. Qxb5 {[%emt 0:01:22]} Qf6 {[%emt 0:00:39]} 37. Bxf5 {[%emt 0:01:47]} Qxf5 {[%emt 0:00:28]} 38. Qd3 {[%emt 0:02:19]} Qg4 {[%emt 0:00:44]} 39. Rh1 {[%emt 0:00:16]} d5 {[%emt 0:00:41]} 40. Rh4 {[%emt 0:00:00]} Qe6 {[%emt 0:00:00]} 41. a4 {[%emt 0:05:26]} Qc6 {[%emt 0:07:06]} 42. Kh2 {[%emt 0:02:09]} Rf5 {[%emt 0:03:16]} 43. Kg1 {[%emt 0:02:59]} Qf6 {[%emt 0:01:15]} 44. Qc2 {[%emt 0:07:24]} g5 {[%emt 0:13:31]} 45. Rh5 {[%emt 0:03:05]} c4 {[%emt 0:02:24]} 46. bxc4 {[%emt 0:03:06]} dxc4 {[%emt 0:00:01]} 47. Qxc4 {[%emt 0:00:41]} Qa1+ {[%emt 0:02:25]} 48. Kg2 {[%emt 0:01:07]} Qd1 {[%emt 0:00:02]} 49. Qd4+ {[%emt 0:01:55]} Qxd4 {[%emt 0:00:02]} 50. exd4 {[%emt 0:00:05]} Ra5 51. d5 {[%emt 0:06:44]} Kg6 {[%emt 0:03:36]} 52. Rh1 {[%emt 0:00:02]} Rxd5 {[%emt 0:00:53]} 53. Ra1 {[%emt 0:00:08]} Ra5 {[%emt 0:00:04]} 54. Kf3 {[%emt 0:00:46]} Kf5 {[%emt 0:00:01]} 55. Ra2 {[%emt 0:00:28]} f6 {[%emt 0:00:26]} 56. Ra3 {[%emt 0:00:38]} g4+ {[%emt 0:00:52]} 57. Ke3 {[%emt 0:00:07]} Ke5 {[%emt 0:00:10]} 58. Ra2 {[%emt 0:00:17]} Kf5 {[%emt 0:00:40]} 59. Kd4 {[%emt 0:00:10]} Kg5 {[%emt 0:00:16]} 60. Kc4 {[%emt 0:00:19]} f5 {[%emt 0:00:46]} 61. Kb4 {[%emt 0:00:02]} Rd5 {[%emt 0:01:09]} 62. a5 {[%emt 0:00:18]} f4 {[%emt 0:00:18]} 63. a6 {[%emt 0:01:12]} fxg3 {[%emt 0:00:17]} 64. fxg3 {[%emt 0:00:07]} Rd8 {[%emt 0:00:38]} 65. a7 {[%emt 0:00:24]} Ra8 {[%emt 0:00:03]} 66. Ra5+ {[%emt 0:00:08]} Kf6 {[%emt 0:00:05]} 67. Kb5 {[%emt 0:00:16]} Ke5 {[%emt 0:00:50]} 68. Ra4 {[%emt 0:00:16]} Kf5 {[%emt 0:01:19]} 69. Kb6 {[%emt 0:00:16]} Rg8 {[%emt 0:00:18]} 70. a8=Q {[%emt 0:00:19]} Rxa8 {[%emt 0:00:02]} 71. Rxa8 {[%emt 0:00:07]} Ke4 {[%emt 0:00:05]} 72. Rf8 {[%emt 0:00:05]} 1-0

[Event "3rd Memorial Warakomska 2019"]
[Site "Suwalki"]
[Date "2019.08.08"]
[Round "5.45"]
[White "Dmochowska, Agnieszka"]
[Black "Korbal, Arkadiusz"]
[Result "1/2-1/2"]
[WhiteElo "2126"]
[BlackElo "2178"]
[Annotator "NA"]
[PlyCount "114"]
[EventDate "2019.08.05"]
[EventType "swiss"]
[EventCountry "POL"]
[SourceTitle "playchess.com"]
[Source "ChessBase"]
[SourceQuality "1"]
[TimeControl "40/5400+30:1800+30"]

1. e4 {[%emt 0:00:00]} c5 {[%emt 0:00:00]} 2. Nf3 {[%emt 0:00:00]} Nc6 {[%emt 0:00:11]} 3. d4 {[%emt 0:00:01]} cxd4 {[%emt 0:00:12]} 4. Nxd4 {[%emt 0:00:08]} g6 {[%emt 0:00:06]} 5. c4 {[%emt 0:00:17]} Bg7 {[%emt 0:00:23]} 6. Nc2 {[%emt 0:00:15]} d6 {[%emt 0:00:32]} 7. Be2 {[%emt 0:00:46]} Qb6 {[%emt 0:00:47]} 8. Nc3 {[%emt 0:01:02]} Bxc3+ {[%emt 0:00:17]} 9. bxc3 {[%emt 0:00:06]} Nf6 {[%emt 0:00:21]} 10. Be3 {[%emt 0:05:22]} Qa5 {[%emt 0:00:53]} 11. f3 {[%emt 0:02:16]} Qxc3+ {[%emt 0:03:03]} 12. Bd2 {[%emt 0:00:51]} Qe5 {[%emt 0:01:07]} 13. O-O {[%emt 0:00:18]} O-O {[%emt 0:03:14]} 14. Bd3 {[%emt 0:04:16]} Be6 {[%emt 0:06:28]} 15. f4 {[%emt 0:02:48]} Qc5+ {[%emt 0:06:16]} 16. Be3 {[%emt 0:01:19]} Qh5 {[%emt 0:01:08]} 17. Qd2 {[%emt 0:15:30]} Ng4 {[%emt 0:03:49]} 18. h3 {[%emt 0:00:10]} Nxe3 {[%emt 0:00:07]} 19. Nxe3 {[%emt 0:00:15]} Qc5 {[%emt 0:11:44]} 20. Kh1 {[%emt 0:01:27]} f6 {[%emt 0:11:27]} 21. Rab1 {[%emt 0:03:36]} b6 {[%emt 0:12:04]} 22. f5 {[%emt 0:17:20]} Bf7 {[%emt 0:00:36]} 23. Rb5 {[%emt 0:00:17]} Qa3 {[%emt 0:00:48]} 24. fxg6 {[%emt 0:00:13]} Bxg6 {[%emt 0:03:24]} 25. Nd5 {[%emt 0:08:04]} Rac8 {[%emt 0:10:26]} 26. Rf3 {[%emt 0:13:40]} Rf7 {[%emt 0:00:13]} 27. Be2 {[%emt 0:04:41]} Qa4 {[%emt 0:01:02]} 28. Nc3 {[%emt 0:02:47]} Qa6 {[%emt 0:00:49]} 29. c5 {[%emt 0:03:50]} Ne5 {[%emt 0:01:11]} 30. Re3 {[%emt 0:01:26]} bxc5 {[%emt 0:02:08]} 31. Rxc5 {[%emt 0:02:35]} Qb7 {[%emt 0:00:07]} 32. Rxc8+ {[%emt 0:00:24]} Qxc8 {[%emt 0:00:07]} 33. Nd5 {[%emt 0:00:34]} Kg7 {[%emt 0:04:19]} 34. Rc3 {[%emt 0:01:39]} Qb8 {[%emt 0:00:28]} 35. Rb3 {[%emt 0:00:22]} Qd8 {[%emt 0:01:03]} 36. Rg3 {[%emt 0:00:20]} Kh8 {[%emt 0:01:56]} 37. Qb4 {[%emt 0:01:20]} Rg7 {[%emt 0:03:15]} 38. Ra3 {[%emt 0:00:48]} f5 {[%emt 0:01:27]} 39. Nf4 {[%emt 0:03:43]} Qd7 {[%emt 0:05:11]} 40. Qb8+ {[%emt 0:00:00]} Rg8 {[%emt 0:00:00]} 41. Qxa7 {[%emt 0:07:39]} Qxa7 {[%emt 0:04:08]} 42. Rxa7 {[%emt 0:00:08]} fxe4 {[%emt 0:00:10]} 43. a4 {[%emt 0:03:15]} Nc6 {[%emt 0:03:33]} 44. Rc7 {[%emt 0:03:39]} Nd4 {[%emt 0:00:15]} 45. Bc4 {[%emt 0:04:25]} Ra8 {[%emt 0:04:38]} 46. Rxe7 {[%emt 0:01:21]} Rxa4 {[%emt 0:01:27]} 47. Nxg6+ {[%emt 0:01:05]} hxg6 {[%emt 0:00:06]} 48. Bd5 {[%emt 0:00:13]} Nf5 {[%emt 0:09:13]} 49. Re8+ {[%emt 0:00:47]} Kg7 {[%emt 0:00:34]} 50. g4 {[%emt 0:02:23]} Rd4 {[%emt 0:01:02]} 51. Bc6 {[%emt 0:03:27]} Ne3 {[%emt 0:04:44]} 52. Rxe4 {[%emt 0:00:57]} Rxe4 {[%emt 0:00:16]} 53. Bxe4 {[%emt 0:00:06]} g5 {[%emt 0:00:16]} 54. Kh2 {[%emt 0:00:17]} Kf6 {[%emt 0:01:05]} 55. Bd3 {[%emt 0:01:51]} Ke5 {[%emt 0:02:24]} 56. Kg3 {[%emt 0:00:08]} Kd4 {[%emt 0:00:07]} 57. Ba6 {[%emt 0:00:40]} Ke4 {[%emt 0:01:44]} 1/2-1/2

[Event "3rd Memorial Warakomska 2019"]
[Site "Suwalki"]
[Date "2019.08.08"]
[Round "5.46"]
[White "Oborski, Artur"]
[Black "Checiak, Krzysztof"]
[Result "1-0"]
[WhiteElo "1969"]
[BlackElo "2057"]
[Annotator "NA"]
[PlyCount "71"]
[EventDate "2019.08.05"]
[EventType "swiss"]
[EventCountry "POL"]
[SourceTitle "playchess.com"]
[Source "ChessBase"]
[SourceQuality "1"]
[TimeControl "40/5400+30:1800+30"]

1. d4 {[%emt 0:00:00]} Nf6 {[%emt 0:00:00]} 2. c4 {[%emt 0:00:00]} e6 {[%emt 0:01:07]} 3. Nf3 {[%emt 0:00:00]} b6 {[%emt 0:00:32]} 4. a3 {[%emt 0:00:00]} Be7 {[%emt 0:01:40]} 5. d5 {[%emt 0:00:12]} O-O {[%emt 0:01:35]} 6. Nc3 {[%emt 0:00:06]} d6 {[%emt 0:01:34]} 7. e4 {[%emt 0:00:32]} Nbd7 {[%emt 0:00:31]} 8. Nd4 {[%emt 0:07:41]} exd5 {[%emt 0:04:39]} 9. cxd5 {[%emt 0:01:01]} Nb8 {[%emt 0:00:34]} 10. Bd3 {[%emt 0:01:41]} Ng4 {[%emt 0:01:19]} 11. O-O {[%emt 0:01:42]} Bf6 {[%emt 0:00:07]} 12. Be2 {[%emt 0:02:36]} Ne5 {[%emt 0:03:34]} 13. f4 {[%emt 0:01:35]} Ng6 14. Be3 a6 {[%emt 0:08:30]} 15. b4 {[%emt 0:03:36]} a5 {[%emt 0:00:53]} 16. Rc1 {[%emt 0:02:17]} axb4 {[%emt 0:00:33]} 17. axb4 {[%emt 0:00:06]} Re8 {[%emt 0:00:54]} 18. Bd3 {[%emt 0:01:38]} Bb7 {[%emt 0:03:59]} 19. Bb5 {[%emt 0:03:26]} Rf8 {[%emt 0:01:49]} 20. Qd2 {[%emt 0:01:01]} Ne7 {[%emt 0:04:54]} 21. Nf3 {[%emt 0:07:00]} Ng6 {[%emt 0:00:56]} 22. Bd4 {[%emt 0:02:12]} Bxd4+ {[%emt 0:01:04]} 23. Nxd4 {[%emt 0:00:07]} Ne7 {[%emt 0:00:25]} 24. f5 {[%emt 0:02:09]} c5 {[%emt 0:00:32]} 25. dxc6 {[%emt 0:00:18]} Nexc6 {[%emt 0:00:29]} 26. Nxc6 {[%emt 0:00:19]} Bxc6 {[%emt 0:00:21]} 27. f6 {[%emt 0:00:38]} gxf6 {[%emt 0:02:01]} 28. Bxc6 {[%emt 0:00:26]} Nxc6 {[%emt 0:00:35]} 29. Nd5 {[%emt 0:00:05]} Ne5 {[%emt 0:03:48]} 30. Nxf6+ {[%emt 0:00:33]} Kg7 {[%emt 0:00:06]} 31. Qg5+ {[%emt 0:00:12]} Ng6 {[%emt 0:00:21]} 32. Nh5+ {[%emt 0:00:05]} Kh8 {[%emt 0:00:47]} 33. Qh6 {[%emt 0:00:05]} Rg8 {[%emt 0:00:44]} 34. Rxf7 {[%emt 0:00:08]} Nf8 {[%emt 0:00:09]} 35. Nf6 {[%emt 0:00:27]} Rg6 {[%emt 0:01:43]} 36. Rxh7+ {[%emt 0:00:12] Rg8} 1-0

[Event "3rd Memorial Warakomska 2019"]
[Site "Suwalki"]
[Date "2019.08.08"]
[Round "5.48"]
[White "Kokoszczynski, Jan"]
[Black "Nowak, Lukasz"]
[Result "0-1"]
[WhiteElo "2238"]
[BlackElo "2264"]
[Annotator "NA"]
[PlyCount "96"]
[EventDate "2019.08.05"]
[EventType "swiss"]
[EventCountry "POL"]
[SourceTitle "playchess.com"]
[Source "ChessBase"]
[SourceQuality "1"]
[TimeControl "40/5400+30:1800+30"]

1. d4 {[%emt 0:00:00]} Nf6 {[%emt 0:00:00]} 2. c4 {[%emt 0:00:00]} e6 {[%emt 0:00:00]} 3. Nc3 {[%emt 0:00:07]} Bb4 {[%emt 0:00:05]} 4. Nf3 {[%emt 0:00:59]} b6 {[%emt 0:02:36]} 5. Bd2 {[%emt 0:00:38]} Bb7 {[%emt 0:01:50]} 6. e3 {[%emt 0:00:11]} O-O {[%emt 0:01:16]} 7. Rc1 {[%emt 0:00:42]} d5 {[%emt 0:06:26]} 8. cxd5 {[%emt 0:06:46]} exd5 {[%emt 0:00:20]} 9. Bd3 {[%emt 0:00:11]} a6 {[%emt 0:03:05]} 10. O-O {[%emt 0:03:30]} Bd6 {[%emt 0:02:35]} 11. Ne5 {[%emt 0:03:41]} c5 {[%emt 0:02:36]} 12. Bb1 {[%emt 0:11:39]} Nbd7 {[%emt 0:35:04]} 13. f4 {[%emt 0:05:03]} cxd4 {[%emt 0:09:28]} 14. exd4 {[%emt 0:01:45]} Ne4 {[%emt 0:00:32]} 15. Be1 {[%emt 0:09:20]} Rc8 {[%emt 0:06:35]} 16. Qg4 {[%emt 0:08:15]} Ndf6 {[%emt 0:02:13]} 17. Qh3 {[%emt 0:00:27]} Nxc3 {[%emt 0:03:23]} 18. bxc3 {[%emt 0:08:58]} Ne4 {[%emt 0:00:22]} 19. Rf3 {[%emt 0:09:32]} Rc7 {[%emt 0:04:07]} 20. Re3 {[%emt 0:07:17]} Qc8 {[%emt 0:02:31]} 21. Qf3 {[%emt 0:04:04]} f6 {[%emt 0:02:48]} 22. Ng4 {[%emt 0:01:32]} b5 {[%emt 0:02:53]} 23. Rd1 {[%emt 0:05:05]} Re7 {[%emt 0:01:37]} 24. h4 {[%emt 0:08:22]} Qc7 {[%emt 0:03:46]} 25. g3 {[%emt 0:00:23]} Rfe8 {[%emt 0:01:40]} 26. Kg2 {[%emt 0:01:47]} Bc8 {[%emt 0:00:42]} 27. Nf2 {[%emt 0:00:38]} Qd7 {[%emt 0:01:28]} 28. Rc1 {[%emt 0:02:11]} Nxf2 {[%emt 0:01:58]} 29. Rxe7 {[%emt 0:00:50]} Rxe7 {[%emt 0:00:43]} 30. Bxf2 {[%emt 0:00:24]} Ba3 {[%emt 0:00:23]} 31. Re1 {[%emt 0:00:19]} Rxe1 {[%emt 0:00:47]} 32. Bxe1 {[%emt 0:00:03]} Bf8 {[%emt 0:01:01]} 33. f5 {[%emt 0:00:51]} a5 {[%emt 0:00:37]} 34. Bd2 {[%emt 0:00:22]} Qc6 {[%emt 0:00:25]} 35. Bd3 {[%emt 0:00:35]} b4 {[%emt 0:00:29]} 36. c4 {[%emt 0:00:24]} Bb7 {[%emt 0:00:34]} 37. c5 {[%emt 0:00:08]} Qa4 {[%emt 0:00:28]} 38. Qe2 {[%emt 0:01:22]} Qxa2 {[%emt 0:00:33]} 39. Qe6+ {[%emt 0:00:31]} Kh8 {[%emt 0:00:06]} 40. Qf7 {[%emt 0:00:00]} Qxd2+ {[%emt 0:00:00]} 41. Kh3 {[%emt 0:00:33]} h6 {[%emt 0:15:40]} 42. Qxf8+ {[%emt 0:01:55]} Kh7 {[%emt 0:00:51]} 43. Qf7 {[%emt 0:23:45]} Bc6 {[%emt 0:01:15]} 44. Ba6 {[%emt 0:00:34]} Qe1 {[%emt 0:03:28]} 45. Bc8 {[%emt 0:04:37]} Qh1+ {[%emt 0:03:45]} 46. Kg4 {[%emt 0:00:04]} Qe4+ {[%emt 0:00:16]} 47. Kh3 {[%emt 0:00:10]} Bb5 {[%emt 0:00:24]} 48. Qg6+ Kh8 {[%emt 0:00:20]} 0-1

[Event "3rd Memorial Warakomska 2019"]
[Site "Suwalki"]
[Date "2019.08.09"]
[Round "6.1"]
[White "Markowski, Tomasz"]
[Black "Zakhartsov, Viacheslav V."]
[Result "1-0"]
[WhiteElo "2537"]
[BlackElo "2518"]
[Annotator "ChessBase"]
[PlyCount "125"]
[EventDate "2019.08.05"]
[EventType "swiss"]
[EventCountry "POL"]
[SourceTitle "playchess.com"]
[Source "ChessBase"]
[SourceQuality "1"]
[TimeControl "40/5400+30:1800+30"]

1. d4 {[%emt 0:00:00]} Nf6 {[%emt 0:00:00]} 2. Nf3 {[%emt 0:00:00]} e6 {[%emt 0:00:00]} 3. e3 {[%emt 0:00:00]} b6 {[%emt 0:00:00]} 4. Bd3 {[%emt 0:00:00]} Bb7 {[%emt 0:00:00]} 5. O-O {[%emt 0:00:00]} Be7 {[%emt 0:00:08]} 6. c4 {[%emt 0:00:00]} O-O {[%emt 0:00:27]} 7. Nc3 {[%emt 0:00:06]} d5 {[%emt 0:00:09]} 8. cxd5 {[%emt 0:00:07]} exd5 {[%emt 0:00:08]} 9. b3 {[%emt 0:00:05]} a6 {[%emt 0:00:45]} 10. Bb2 {[%emt 0:00:10]} Bd6 {[%emt 0:00:28]} 11. Ne5 {[%emt 0:05:23]} c5 {[%emt 0:07:35]} 12. Ne2 {[%emt 0:02:04]} Re8 {[%emt 0:03:48]} 13. Ng3 {[%emt 0:02:00]} cxd4 {[%emt 0:21:56]} 14. exd4 {[%emt 0:04:40]} Nbd7 {[%emt 0:06:17]} 15. Re1 {[%emt 0:06:54]} g6 {[%emt 0:02:27]} 16. Qf3 {[%emt 0:03:57]} Nf8 {[%emt 0:04:09]} 17. Re3 {[%emt 0:08:12]} Ne6 {[%emt 0:03:14]} 18. h4 {[%emt 0:03:03]} Bf8 {[%emt 0:01:45]} 19. Rd1 {[%emt 0:02:04]} Rc8 {[%emt 0:07:59]} 20. Ree1 {[%emt 0:04:39]} Bh6 {[%emt 0:07:27]} 21. Bb1 {[%emt 0:02:13]} Rc7 {[%emt 0:01:39]} 22. a3 {[%emt 0:04:46]} Rc8 {[%emt 0:07:22]} 23. Ne2 {[%emt 0:06:50]} Rc7 {[%emt 0:01:19]} 24. Ng3 {[%emt 0:01:04]} Rc8 {[%emt 0:00:06]} 25. b4 {[%emt 0:00:48]} Rc7 {[%emt 0:04:14]} 26. Bd3 {[%emt 0:03:21]} Nf4 {[%emt 0:01:13]} 27. Bb1 {[%emt 0:01:31]} Ne6 {[%emt 0:00:05]} 28. a4 {[%emt 0:04:48]} Bf8 {[%emt 0:00:55]} 29. b5 {[%emt 0:00:30]} a5 {[%emt 0:02:54]} 30. Bd3 {[%emt 0:00:51]} Bg7 {[%emt 0:02:20]} 31. Bb1 {[%emt 0:09:20]} Bf8 {[%emt 0:03:21]} 32. Rc1 {[%emt 0:00:50]} Rxc1 {[%emt 0:00:22]} 33. Rxc1 {[%emt 0:00:05]} Bg7 {[%emt 0:00:21]} 34. Ne2 {[%emt 0:03:21]} Qe7 {[%emt 0:05:17]} 35. Nc6 {[%emt 0:10:10]} Qd7 {[%emt 0:00:05]} 36. Ba3 {[%emt 0:03:28]} Ne4 {[%emt 0:01:34]} 37. Ba2 {[%emt 0:00:58]} f5 {[%emt 0:03:17]} 38. Qb3 {[%emt 0:01:30]} Nc7 {[%emt 0:01:18]} 39. Nf4 {[%emt 0:00:52]} Nf6 {[%emt 0:02:07]} 40. Ne5 {[%emt 0:00:00]} Qd8 {[%emt 0:00:00]} 41. Qc2 {[%emt 0:05:48]} Na8 {[%emt 0:01:19]} 42. Nc6 {[%emt 0:05:03]} Qd7 {[%emt 0:00:06]} 43. Nd3 {[%emt 0:01:56]} Bh6 {[%emt 0:01:18]} 44. Rd1 {[%emt 0:03:12]} Nc7 {[%emt 0:03:38]} 45. Nde5 {[%emt 0:00:16]} Qg7 {[%emt 0:00:04]} 46. Qd3 {[%emt 0:04:41]} Kh8 {[%emt 0:04:00]} 47. g3 {[%emt 0:01:09]} Ne4 {[%emt 0:01:43]} 48. Kg2 {[%emt 0:00:35]} Nf6 {[%emt 0:00:19]} 49. Qf3 {[%emt 0:00:43]} Ne4 {[%emt 0:00:58]} 50. Bc1 {[%emt 0:00:57]} Bxc1 {[%emt 0:01:49]} 51. Rxc1 {[%emt 0:00:01]} Nf6 {[%emt 0:00:15]} 52. Qa3 {[%emt 0:01:31]} Kg8 {[%emt 0:00:36]} 53. Qd6 {[%emt 0:00:35]} Re6 {[%emt 0:00:04]} 54. Qd8+ {[%emt 0:01:04]} Re8 {[%emt 0:00:02]} 55. Ne7+ {[%emt 0:00:38]} Qxe7 {[%emt 0:00:05]} 56. Qxc7 {[%emt 0:00:02]} Qxc7 {[%emt 0:00:57]} 57. Rxc7 {[%emt 0:00:02]} Ba8 {[%emt 0:00:05]} 58. f3 {[%emt 0:00:42]} Rd8 {[%emt 0:00:13]} 59. Kf2 {[%emt 0:00:29]} Ne8 {[%emt 0:00:34]} 60. Ra7 {[%emt 0:01:03]} Nf6 {[%emt 0:00:08]} 61. Ke3 {[%emt 0:00:43]} Rb8 {[%emt 0:00:14]} 62. g4 {[%emt 0:01:27]} fxg4 63. fxg4 {[%emt 0:00:02]} 1-0

[Event "3rd Memorial Warakomska 2019"]
[Site "Suwalki"]
[Date "2019.08.09"]
[Round "6.2"]
[White "Malakhatko, Vadim"]
[Black "Sadzikowski, Daniel"]
[Result "1/2-1/2"]
[WhiteElo "2462"]
[BlackElo "2503"]
[Annotator "RC"]
[PlyCount "34"]
[EventDate "2019.08.05"]
[EventType "swiss"]
[EventCountry "POL"]
[SourceTitle "playchess.com"]
[Source "ChessBase"]
[SourceQuality "1"]
[TimeControl "40/5400+30:1800+30"]

1. c4 {[%emt 0:00:00]} e5 {[%emt 0:00:05]} 2. e3 {[%emt 0:00:30]} Nf6 {[%emt 0:00:32]} 3. Nc3 {[%emt 0:00:07]} Nc6 {[%emt 0:00:23]} 4. a3 {[%emt 0:00:32]} d5 {[%emt 0:00:27]} 5. cxd5 {[%emt 0:00:06]} Nxd5 {[%emt 0:00:03]} 6. Qc2 {[%emt 0:00:16]} Nxc3 {[%emt 0:00:11]} 7. bxc3 {[%emt 0:01:46]} Qg5 {[%emt 0:00:08]} 8. Nf3 {[%emt 0:00:54]} Qg6 {[%emt 0:00:28]} 9. Qxg6 {[%emt 0:00:47]} hxg6 {[%emt 0:00:08]} 10. d4 {[%emt 0:00:06]} Bd6 {[%emt 0:03:49]} 11. Rb1 {[%emt 0:03:37]} b6 {[%emt 0:02:49]} 12. Bb5 {[%emt 0:04:31]} Bd7 {[%emt 0:00:08]} 13. Nd2 {[%emt 0:03:17]} Na5 {[%emt 0:13:40]} 14. a4 {[%emt 0:22:11]} f6 {[%emt 0:13:21]} 15. Ke2 {[%emt 0:04:37]} Ke7 {[%emt 0:08:39]} 16. Bxd7 {[%emt 0:01:03]} Kxd7 {[%emt 0:00:03]} 17. h3 {[%emt 0:00:11]} Ke6 {[%emt 0:08:06]} 1/2-1/2